00000000nam##2200000za#4500
0019.679908
003CaOODSP
00520250611103640
007ta
008150407|1997||||xxc|||||     f|0| 0 fre|d
020 |a0-662-81573-4
040 |aCaOODSP|bfre
043 |an-cn---
0861 |aA42-70/2-1997F
1101 |aCanada. |bAgriculture et agroalimentaire Canada.
24510|aProjets sur la biodiversité: Agriculture et Agroalimentaire Canada
260 |aOttawa - Ontario : |bAgriculture et Agroalimentaire Canada |c1997.
300 |avi, 37p. ; |c28 cm.
500 |a«Le présent document dresse l'inventaire des projets d'Agriculture et Agro-alimentaire Canada qui contribuent à la conservation de la biodiversité et à l'utilisation durable des ressources biologiques. Il ne présente donc que les projets d'ACC touchant les écosystèmes, la faune et la flore, ainsi que les ressources génétiques. Il ne traite pas de la vaste gamme d'activité actuellement menées aux niveaux provincial et municipal.»--Page 1. N.B.: Le numéro ISBN (0-662-25108-3) imprimé dans cette publication est incorrect.
5203 |aLe présent document dresse l'inventaire des projets d'Agriculture et Agro-alimentaire Canada qui contribuent à la conservation de la biodiversité et à l'utilisation durable des ressources biologiques. Il ne présente donc que les projets d'ACC touchant les écosystèmes, la faune et la flore, ainsi que les ressources génétiques. Il ne traite pas de la vaste gamme d'activité actuellement menées aux niveaux provincial et municipal.--Page 1
563 |aCouverture souple
590 |a98-19|b1998-05-08
77508|tBiodiversity initiatives: Agriculture and Agri-Food Canada |w(CaOODSP)9.646356
7760#|tProjets sur la biodiversité : |w(CaOODSP)9.637714